00847nam a2200217 a 4500003000700000005001700007008004100024040003300065041000800098050002500106110006400131245018900195260003900384300001400423336002800437337003000465338002700495650003100522650004000553650003600593CBULib20240802101532.0210203s2020 ||||||||||||||||| || u aCBULibbEnglishcCBULiberda aeng aUNCTAD(058)TDRO/2020 aUnited Nations Conference on Trade and Development (UNCTAD)10aTrade and development report 2020 : from global pandemic to prosperity for all: avoiding another lost decade : overviewc/ by United Nations Conference on Trade and Development(UNCTAD) aGeneva : bUnited Nations, c2020. a25 pages  2rdacontentaText |btxt 2rdamediaaUnmediated |bn 2rdacarrieraVolumebnc 0aEQUALITY--ECONOMIC ASPECTS 0aCOVID 19(DISEASE)--ECONOMIC ASPECTS 0aGLOBALIZATION--ECONOMIC ASPECTS